Discurso inaugural de la restauración del Ateneo Igualadino de la Clase Obrera / (Record no. 169995)

MARC details
000 -LEADER
campo de control de longitud fija 00592nam a22001575i 4500
001 - NÚMERO DE CONTROL
campo de control 169995
003 - IDENTIFICADOR DE NÚMERO DE CONTROL
campo de control ES-MaACL
005 - FECHA Y HORA DE LA ÚLTIMA TRANSACCIÓN
campo de control 20230906214248.0
008 - DATOS DE LONGITUD FIJA--INFORMACIÓN GENERAL
campo de control de longitud fija 090109s1878 sp |||| | spa d
110 2# - ENTRADA PRINCIPAL--NOMBRE DE ENTIDAD CORPORATIVA
Nombre de entidad corporativa o nombre de jurisdicción como elemento de entrada Ateneo Igualadino.
9 (RLIN) 139172
245 10 - MENCIÓN DEL TÍTULO
Título Discurso inaugural de la restauración del Ateneo Igualadino de la Clase Obrera /
Mención de responsabilidad, etc. pronunciado por ... José Panadés y Poblet... en 24 de agosto de 1878.
260 ## - PUBLICACIÓN, DISTRIBUCIÓN, ETC.
Lugar de publicación, distribución, etc. Igualada :
Nombre del editor, distribuidor, etc. [s.n.],
Fecha de publicación, distribución, etc. 1878 (
Fabricante Imp. de la Viuda Abadal e hijo)
300 ## - DESCRIPCIÓN FÍSICA
Extensión 16 p. ;
Dimensiones 19 cm.
700 1# - ENTRADA AGREGADA--NOMBRE PERSONAL
Nombre de persona Panadés y Poblet, José.
9 (RLIN) 139173
852 ## - LOCALIZACIÓN
Ubicación ES-MaACL
Número de control de estantería T-308-F-7
Holdings
Estatus retirado Estado de pérdida Estado de daño No para préstamo Colección Biblioteca de origen Biblioteca actual Ubicación en estantería Fecha de adquisición Fuente de adquisición Total de préstamos Signatura topográfica completa Código de barras Visto por última vez Precio de reemplazo Tipo de ítem Koha
        Colección de folletos Biblioteca del Ateneo de Madrid Biblioteca del Ateneo de Madrid Depósito folletos 09/01/2009     T-308-F-7 1178483 23/02/2023 23/02/2023 Folleto